Planning effective instruction : (Record no. 275954)
[ view plain ]
| 000 -LEADER | |
|---|---|
| fixed length control field | 01523cam a2200421I 4500 |
| 001 - CONTROL NUMBER | |
| control field | 10622866 |
| 005 - DATE AND TIME OF LATEST TRANSACTION | |
| control field | 20140930115750.0 |
| 008 - FIXED-LENGTH DATA ELEMENTS--GENERAL INFORMATION | |
| fixed length control field | 120712s2014 caua bf 001 0 eng d |
| 020 ## - INTERNATIONAL STANDARD BOOK NUMBER | |
| International Standard Book Number | 9781133936732 |
| 020 ## - INTERNATIONAL STANDARD BOOK NUMBER | |
| International Standard Book Number | 1133936733 |
| 020 ## - INTERNATIONAL STANDARD BOOK NUMBER | |
| International Standard Book Number | 9781133944362 (pbk.) |
| 020 ## - INTERNATIONAL STANDARD BOOK NUMBER | |
| International Standard Book Number | 1133944361 (pbk.) |
| 029 1# - (OCLC) | |
| OCLC library identifier | AU@ |
| System control number | 000050705513 |
| 029 1# - (OCLC) | |
| OCLC library identifier | NZ1 |
| System control number | 14798274 |
| 035 ## - SYSTEM CONTROL NUMBER | |
| System control number | (OCoLC)ocn800033435 |
| 035 ## - SYSTEM CONTROL NUMBER | |
| System control number | (OCoLC)800033435 |
| Canceled/invalid control number | (OCoLC)843742991 |
| 035 ## - SYSTEM CONTROL NUMBER | |
| System control number | (NNC)10622866 |
| 040 ## - CATALOGING SOURCE | |
| Original cataloging agency | BTCTA |
| Language of cataloging | eng |
| Transcribing agency | BTCTA |
| Modifying agency | YDXCP |
| -- | BWX |
| -- | UAB |
| -- | PHADU |
| -- | OCLCF |
| 050 #4 - LIBRARY OF CONGRESS CALL NUMBER | |
| Classification number | LB 1027.4 |
| Item number | .P75 2014 |
| 082 04 - DEWEY DECIMAL CLASSIFICATION NUMBER | |
| Classification number | 371.102 |
| 100 1# - MAIN ENTRY--PERSONAL NAME | |
| Personal name | Price, Kay M. |
| 245 10 - TITLE STATEMENT | |
| Title | Planning effective instruction : |
| Remainder of title | diversity responsive methods and management / |
| Statement of responsibility, etc | Kay M. Price, Karna L. Nelson. |
| 250 ## - EDITION STATEMENT | |
| Edition statement | 5th ed. |
| 260 ## - PUBLICATION, DISTRIBUTION, ETC. (IMPRINT) | |
| Place of publication, distribution, etc | Belmont, CA : |
| Name of publisher, distributor, etc | Wadsworth Cengage, |
| Date of publication, distribution, etc | c2014. |
| 300 ## - PHYSICAL DESCRIPTION | |
| Extent | xxi, 282 pages : |
| Other physical details | illustrations ; |
| Dimensions | 28 cm. |
| 504 ## - BIBLIOGRAPHY, ETC. NOTE | |
| Bibliography, etc | Includes bibliographical references and index. |
| 505 0# - FORMATTED CONTENTS NOTE | |
| Formatted contents note | Pt.1. Planning What to Teach -- Pt.2. Planning How to Tech -- Pt.3. The Context for Teaching and Learning -- Pt.4. Writing Your Plan. |
| 650 #0 - SUBJECT ADDED ENTRY--TOPICAL TERM | |
| Topical term or geographic name as entry element | Lesson planning |
| Form subdivision | Handbooks, manuals, etc. |
| 650 #0 - SUBJECT ADDED ENTRY--TOPICAL TERM | |
| Topical term or geographic name as entry element | Activity programs in education |
| Form subdivision | Handbooks, manuals, etc. |
| 650 #7 - SUBJECT ADDED ENTRY--TOPICAL TERM | |
| Topical term or geographic name as entry element | Activity programs in education. |
| Source of heading or term | fast |
| 650 #7 - SUBJECT ADDED ENTRY--TOPICAL TERM | |
| Topical term or geographic name as entry element | Lesson planning. |
| Source of heading or term | fast |
| 655 #7 - INDEX TERM--GENRE/FORM | |
| Genre/form data or focus term | Handbooks, manuals, etc. |
| Source of term | fast |
| 700 1# - ADDED ENTRY--PERSONAL NAME | |
| Personal name | Nelson, Karna L. |
| 720 ## - ADDED ENTRY--UNCONTROLLED NAME | |
| Name | Price, Kay M. |
| 720 ## - ADDED ENTRY--UNCONTROLLED NAME | |
| Name | Nelson, Karna L. |
| 942 ## - ADDED ENTRY ELEMENTS (KOHA) | |
| Source of classification or shelving scheme | Library of Congress Classification |
| Koha item type | Books |
| Call number prefix | Foreign |
| Withdrawn status | Lost status | Source of classification or shelving scheme | Damaged status | Home library | Current library | Shelving location | Date acquired | Source of acquisition | Cost, normal purchase price | Total Checkouts | Full call number | Barcode | Date last seen | Price effective from | Koha item type |
|---|---|---|---|---|---|---|---|---|---|---|---|---|---|---|---|
| Library of Congress Classification | College Library | College Library | Reserve Section | 09/30/2014 | Library Fund | 6305.00 | LB 1027.4 .P75 2014 | C18750 | 05/15/2018 | 09/30/2014 | Books |